00878nam a22002177a 45000010005000000030006000050050017000110080041000280200018000690400029000870820008001161000032001242450077001562600057002333000052002905050008003425200246003505210020005965210020006166500024006363901FISKH20250828110924.0240522b cb ||||| |||| 00| 0 eng d a9780823988471 aFISKHbengcFISKHdFISKH a372 aWilliams, Zachary eauthor  aAnimals on the farm : bLearning to Compare Size /cby Zachary Williams  aNew York : bThe Rosen Publishing Group ,Inc. c2004 a12​ pages : bcolor illustrations ;c22 cm .  aE  aBookMath that students can relate to!This full-color, photo-illustrated math reader seamlessly integrates Math with the curriculum areas of Science and Social Studies. Grab your students' attention and inspire a love of Math and of learning.8 a260 bLexile 8 aE bRaz-Plus  afarm vnon-fiction